000 00495nam a2200157Ia 4500
008 140609s9999 xx 000 0 und d
020 _a9789712722004
050 _aHX 408.5
_b.R48 2010
245 _aRevisiting Marxism in the Philippines :
_bselected essays /
_cPatricio N. Abinales, editor
260 _aPasig City, Philippines :
_bAnvil Pub.,
_cc2010.
300 _a183 p. ;
_c23 cm.
500 _aIncludes biblographical references.
521 _aGE
942 _kLOC
_cBK
999 _c117895
_d117895